Statistics for NFL Quarterbacks - 100 Win Club

Click here to take the quiz!

General Stats

  • This quiz has been taken 2,389 times
  • The average score is 14 of 17

Answer Stats

Wins Team Quarterback % Correct
219PatriotsTom Brady
99%
186ColtsPeyton Manning
98%
117GiantsEli Manning
97%
163SaintsDrew Brees
94%
113PackersAaron Rodgers
93%
186PackersBrett Favre
93%
144SteelersBen Roethlisberger
90%
11749ersJoe Montana
90%
147DolphinsDan Marino
89%
148BroncosJohn Elway
87%
123ChargersPhilip Rivers
85%
109FalconsMatt Ryan
84%
107SteelersTerry Bradshaw
74%
101BillsJim Kelly
66%
102OilersWarren Moon
65%
118ColtsJohnny Unitas
64%
124VikingsFran Tarkenton
54%

Score Distribution

Percentile by Number Answered

Percent of People with Each Score

Your Score History

You have not taken this quiz